| 000 | 00627nam a2200181 i 4500 | ||
|---|---|---|---|
| 001 | 86048 | ||
| 003 | ES-MaACL | ||
| 005 | 20230906175349.0 | ||
| 007 | t| | ||
| 008 | 041207s1973 sp ||||1| spa d | ||
| 100 | 1 |
_aKenwood, A. G. _967867 |
|
| 245 | 1 | 0 |
_aHistoria del desarrollo económico internacional _b: desde la Primera Guerra Mundial hasta nuestros días / _cA.G. Kenwood y A. L. Lougheed ; [traducción, Emilio de la Fuente]. |
| 260 |
_aMadrid : _bIstmo, _c[1973] |
||
| 300 |
_a248 p. ; _c18 cm. |
||
| 700 | 1 |
_aLogheed, A. L. _973124 |
|
| 700 | 1 |
_aFuente, Emilio de la. _952834 |
|
| 852 |
_aES-MaACL _jC-53359 _bR.85337 |
||
| 999 |
_c86048 _d86048 |
||